Eggs in the Answer - Statistics

General Stats
  • This quiz has been taken 171 times
    164 since last reset
  • The average score is 8 of 15
Answer Stats
Hint Answer % Correct
The most commonly used bird egg in cooking Chicken
90%
Finish the quote from Dr Seuss's book "I do not like green eggs and _____" Ham
88%
Eggs are commonly eaten at ______ time. Breakfast
87%
Term for fried egg on one side; Yolk is liquid, egg white is set Sunny-side up
77%
Cooking egg in boiling water, without shell. Poached
72%
It takes ___ hours to hard-boil an ostrich egg. Four
70%
Cooking egg in boiling water, with shell unbroken. Hard-boiled
63%
Term for an intentional secretly hidden message or joke in a computer program, web page, video game or movie. Easter Egg
48%
Whipped egg whites form _____. Meringue
46%
Term for fried egg both sides Over easy
40%
(Joke) Q: Why did the egg go to school? A: To get ____. Egg-u-cated
20%
What is the name to the Chinese preserved egg? Century Egg
19%
How can you tell the difference between a raw and hard-boiled egg (both at same temperature and without cracking it) Spin it
15%
What bird lays Emerald-black eggs? Emu
13%
According to the Guinness Book of Records, the record for throwing a fresh egg without breaking it is ____ feet/metres (rounded off). 317 feet / 96.6 metres
9%
No matching quizzes found
Score Distribution
Percent of People with Each Score
Percentile by Number Answered
Your Score History
You have not taken this quiz since the last reset